Verdunkelte Länder - Weltkarte - Statistiken

Allgemein
  • Dieses Quiz wurde 263 mal gespielt
  • Das Durchschnittsergebnis liegt bei 16 aus 17
Antworten auf der Karte
Die Antworten werden auf der Karte rot bzw. grün angezeigt, abhängig davon wie oft sie richtig erraten wurden.
 
Antwortstatistiken
Antwort % Korrekt
Argentinien
100%
China
99%
China
99%
Russland
99%
Schweden
99%
Ägypten
98%
Mongolei
98%
Norwegen
98%
Indien
97%
Brasilien
96%
Paraguay
95%
Uruguay
95%
Sudan
94%
Libyen
93%
Pakistan
93%
Nepal
92%
Tschad
90%
Keine übereinstimmenden Quizze gefunden
Verteilung der Resultate
Anzahl Personen mit jedem Resultat
Perzentil nach korrekt beantworteten Fragen
Ihre Resultats-Entwicklung
Sie haben dieses Quiz noch nicht gespielt